000 00457cam a22002052a 4500
001 000133
003 AR-FADEU
008 311216n1991####xxu####################dd
020 _a84-7423-483-2
092 _a170
_bP613
100 _aPieper, Annemarie
245 _aEtica y moral
260 _aBarcelona
260 _bCrítica
260 _c1991
300 _a251 p
440 _aCrítica, filosofía
_n12
650 _aETICA-MORAL
942 _cBDGR
999 _c5978
_d5978